Когда мы, мертвые, проснемся (Запись № 4563391)

Подробности
000 -МАРКЕР
контрольное поле 01171nam0a22002651 4500
001 - ИДЕНТИФИКАТОР ЗАПИСИ
контрольное поле v19\rc\1315491
005 - ИДЕНТИФИКАТОР ВЕРСИИ
контрольное поле 20260406163434.0
035 ## - ДРУГИЕ СИСТЕМНЫЕ НОМЕРА
Идентификатор записи (NLR Aleph) 004471338
100 ## - ДАННЫЕ ОБЩЕЙ ОБРАБОТКИ
Данные общей обработки 20060512f19001917|||y0rusy50 ca
101 1# - ЯЗЫК РЕСУРСА
Язык текста, звукозаписи и т.д. русский
Язык оригинала норвежский
102 ## - СТРАНА ПУБЛИКАЦИИ ИЛИ ПРОИЗВОДСТВА
Страна публикации российская федерация
105 ## - ПОЛЕ КОДИРОВАННЫХ ДАННЫХ: ТЕКСТОВЫЕ МАТЕРИАЛЫ, МОНОГРАФИЧЕСКИЕ
Кодированные данные о монографическом текстовом документе y z |||a|
200 1# - ЗАГЛАВИЕ И СВЕДЕНИЯ ОБ ОТВЕТСТВЕННОСТИ
Основное заглавие Когда мы, мертвые, проснемся
Сведения, относящиеся к заглавию Драм. эпилог в 3-х д.
Первые сведения об ответственности Пер. с норвеж. Ю. Балтрушайтиса и С. Полякова
210 ## - ПУБЛИКАЦИЯ, РАСПРОСТРАНЕНИЕ И ДР.
Место издания, распространения и т.д. Москва
Имя издателя, распространителя и т. д. "Польза" В. Антик и К⁰
Дата издания, распространения и т.д. [19-?]
215 ## - ФИЗИЧЕСКАЯ ХАРАКТЕРИСТИКА
Специфическое обозначение материала и объем 80 с.
Размеры 14
700 #1 - ИМЯ ЛИЦА - ПЕРВИЧНАЯ ОТВЕТСТВЕННОСТЬ
Материалы, к которым относится поле rus
Графика поля Кириллица
Начальный элемент ввода Ибсен
Часть имени, кроме начального элемента ввода Г.
Расширение инициалов личного имени Генрик
Даты 1828-1906
Идентификатор авторитетной/нормативной записи RU\NLR\AUTH\7729701
Системный номер авторитетной/нормативной записи 12729
702 #1 - ИМЯ ЛИЦА - ВТОРИЧНАЯ ОТВЕТСТВЕННОСТЬ
Код отношения Переводчик
Материалы, к которым относится поле rus
Графика поля Кириллица
Начальный элемент ввода Балтрушайтис
Часть имени, кроме начального элемента ввода Ю. К.
Даты 1873 -1944
Расширение инициалов личного имени Юргис Казимирович
Идентификатор авторитетной/нормативной записи RU\NLR\AUTH\7710138
Системный номер авторитетной/нормативной записи 119922
702 #1 - ИМЯ ЛИЦА - ВТОРИЧНАЯ ОТВЕТСТВЕННОСТЬ
Код отношения Переводчик
Графика поля Кириллица
Материалы, к которым относится поле rus
Начальный элемент ввода Поляков
Часть имени, кроме начального элемента ввода С. А.
Дополнения к именам, кроме дат промышленник, издатель, переводчик
Даты 1874-1943
Расширение инициалов личного имени Сергей Александрович
Системный номер авторитетной/нормативной записи 253971
Идентификатор авторитетной/нормативной записи RU\NLR\AUTH\770254027
801 #0 - ИСТОЧНИК ЗАПИСИ
Страна российская федерация
Организация NLR
Правила каталогизации psbo
801 #1 - ИСТОЧНИК ЗАПИСИ
Страна российская федерация
Организация ProSoft-M
Источник данных rusmarc
852 ## - МЕСТОНАХОЖДЕНИЕ И ШИФР ХРАНЕНИЯ
Идентификатор организации NLR
Шифр хранения (Call Number) 128/2845
942 ## - ДОПОЛНИТЕЛЬНЫЕ ЭЛЕМЕНТЫ ЗАПИСИ (АБИС)
Тип экземпляра АБИС Книга
980 ## - КОЛЛЕКЦИЯ
Название коллекции Национальная библиография
Экземпляры
Тип экземпляра Дата поступления Библиотека постоянного хранения Библиотека текущего хранения Место хранения Шифр хранения Штрих-код Статус не для выдачи
Книга 26.10.2013 РНБ (Садовая) РНБ (Садовая) Русский книжный фонд -Главное здание, Ленинский читальный зал 128/2845 4471338-10